Which Country? - Statistics

General Stats
  • This quiz has been taken 33 times
  • The average score is 8 of 10
Answer Stats
Question Answer % Correct
Not part of the United Kingdom Ireland
100%
Has no borders Australia
97%
Rabat is in which of these countries Morocco
93%
Does not use the Euro as their currency Switzerland
93%
Kathmandu is its Capital Nepal
90%
Has a star on their flag Vietnam
87%
Which is landlocked Kazakhstan
70%
The 'A-League' soccer league is based in which country Australia
60%
El Al is their flag carrier airline Israel
53%
Which country does not have a mega city Iraq
43%
No matching quizzes found
Score Distribution
Percent of People with Each Score
Percentile by Number Answered
Your Score History
You have not taken this quiz